مكتبة جامعة عجلون الوطنية

فهرس بحث المكتبة

An Anthology Of Modern Jordanian Verse (Record no. 1898)

MARC details
000 -LEADER
fixed length control field 00716nam a2200217Ii 4500
003 - CONTROL NUMBER IDENTIFIER
control field JO-AjNU
008 - FIXED-LENGTH DATA ELEMENTS--GENERAL INFORMATION
fixed length control field 230606s9999||||xx |||||||||||||| ||und||
017 ## - COPYRIGHT OR LEGAL DEPOSIT NUMBER
Copyright or legal deposit number 2002/11/2801
040 ## - CATALOGING SOURCE
Original cataloging agency JO-AjNU
Language of cataloging eng
Description conventions rda
Transcribing agency JO-AjNU
041 ## - LANGUAGE CODE
Language code of text/sound track or separate title eng
050 14 - LIBRARY OF CONGRESS CALL NUMBER
Classification number PJ8064.5.E5.A58 2002
100 3# - MAIN ENTRY--PERSONAL NAME
Personal name Chosen By A Supervising Committee ؛Translated by Al-Qudah,Odeh ؛ Revised by Hania Al-Abid,
Relator term author
9 (RLIN) 3639
245 03 - TITLE STATEMENT
Title An Anthology Of Modern Jordanian Verse
250 ## - EDITION STATEMENT
Edition statement 1 ed
264 31 - PRODUCTION, PUBLICATION, DISTRIBUTION, MANUFACTURE, AND COPYRIGHT NOTICE
Place of production, publication, distribution, manufacture Amman: The Supervising Committee, 2002
300 ## - PHYSICAL DESCRIPTION
Extent 205P
336 ## - CONTENT TYPE
Content type term text
Content type code txt
Source rdacontent
337 ## - MEDIA TYPE
Media type term unmediated
Media type code n
Source rdamedia
338 ## - CARRIER TYPE
Carrier type term volume
Carrier type code nc
Source rdacarrier
650 #4 - SUBJECT ADDED ENTRY--TOPICAL TERM
Topical term or geographic name entry element Arabic Poetry - Modern Age - Jordan
9 (RLIN) 3640
Holdings
Withdrawn status Lost status Source of classification or shelving scheme Damaged status Not for loan Home library Current library Shelving location Date acquired Total Checkouts Full call number Barcode Date last seen Price effective from Koha item type
    Library of Congress Classification     مكتبة جامعة عجلون الوطنية مكتبة جامعة عجلون الوطنية المجموعات العامة 06/06/2023   PJ8064.5.E5.A58 2002 E1898 06/06/2023 06/06/2023 Books